Usporiadanie súboru priemyselných odvetví Slovenskej republiky v roku 1995 podľa efektívnosti a veľkosti

Usporiadanie štatistického súboru podľa rôznych vlastností. Postup pri viacrozmernom usporiadaní. Usporiadanie súboru priemyselných odvetví podľa efektívnosti a veľkosti na Slovensku v roku 1995.

Gespeichert in:
Bibliographische Detailangaben
1. Verfasser: Chajdiak, Jozef
Weitere Verfasser: Holičková, Edita
Format: Buch
Sprache:Slowakisch
Schlagworte:
Tags: Tag hinzufügen
Keine Tags, Fügen Sie das erste Tag hinzu!

MARC

LEADER 00000nam a2200000 4500
001 r031689
005 20230906072804.6
041 0 |a slo 
044 |a SK 
245 1 0 |a Usporiadanie súboru priemyselných odvetví Slovenskej republiky v roku 1995 podľa efektívnosti a veľkosti  |c Jozef Chajdiak, Edita Holičková 
520 |a Usporiadanie štatistického súboru podľa rôznych vlastností. Postup pri viacrozmernom usporiadaní. Usporiadanie súboru priemyselných odvetví podľa efektívnosti a veľkosti na Slovensku v roku 1995. 
610 2 0 |a štatistika 
610 2 0 |a súbory štatistické 
610 2 0 |a odvetvia priemyselné 
610 2 0 |a teória a prax 
610 2 0 |a Slovensko 
610 2 0 |a 1995 
100 1 |a Chajdiak, Jozef 
700 1 |a Holičková, Edita